000 00381nam a2200169 i 4500
001 bg
100 1 _aOKOŃ, Wincenty.
245 1 0 _aSłownik pedagogiczny /
_cWincenty Okoń.
250 _aWyd.3.
260 _awarszawa,
_c1984.
650 9 _aPedagogika
655 _aSłowniki
040 _cBPK
041 _apol
942 _cKS
008 s pl f |000 0 pol
999 _c22480
_d22480
856 _uhttp://koha.tu.koszalin.pl/cgi-bin/koha/opac-detail.pl?biblionumber=22480
_yKatalog online BPK